banner-ar

HISTOIRE DU REGNE DU KHEDIVE ISMAIL / (Record no. 17193)

MARC details
000 -الفاتح
حقل البيانات ثابتة الطول 00497nam a2200169Ia 4500
008 - عناصر البيانات ثابتة الطول - معلومات عامة
حقل البيانات ثابتة الطول 140319s9999 xx 000 0 eng d
040 ## - مصدر الفهرسة
وكالة الفهرسة الأصلية GCL /
وكالة النسخ GCL
082 04 - رقم تصنيف ديوى العشرى
رقم التصنيف CC
رقم المادة 054.962034
-- D H
100 1# - المدخل الرئيسى - إسم شخصى
الإسم الشخصى DOUIN,G.
245 10 - بيان العنوان
العنوان HISTOIRE DU REGNE DU KHEDIVE ISMAIL /
بيان المسئوليه,etc DOUIN,G.
700 1# - المدخل الاضافى - اسم شخصى
الإسم الشخصى LA SOCIETE DE GEOGRAPHIE D'EGYPTE
260 ## - PUBLICATION, DISTRIBUTION, ETC. (IMPRINT)
تاريخ النشر أو التوزيع 1941
650 04 - المدخل الاضافى بالموضوع-مصطلح موضوعى
مصطلح موضوعي LA SOCIETE DE GEOGRAPHIC D'EGY
650 04 - المدخل الاضافى بالموضوع-مصطلح موضوعى
مصطلح موضوعي PERIODICALS
942 ## - عناصر المدخل الإضافي( كوها)
مصدر التصنيف او مخطط الترفيف Dewey Decimal Classification
Koha [default] item type كتاب
260 ## - PUBLICATION, DISTRIBUTION, ETC. (IMPRINT)
-- [S.N] :
-- LA SOCIETE DE GEOGRAPHIE D'EGYPTE ،
Holdings
حالة التراجع حالة الفقد حالة تلف ليس للاعارة المكان المؤقت الموقع الحالى تاريخ الاكتساب اجمالي اﻻعارات رقم الطلب الباركود تاريخ اخر مشاهدة تاريخ تفعيل السعر نوع وعاء كوها
        مكتبة القاهرة الكبرى مكتبة القاهرة الكبرى 03/26/2014   CC\054.962034\D H 30996 03/26/2014 03/26/2014 كتاب
        مكتبة القاهرة الكبرى مكتبة القاهرة الكبرى 03/26/2014   CC\054.962034\D H 30997 03/26/2014 03/26/2014 كتاب
        مكتبة القاهرة الكبرى مكتبة القاهرة الكبرى 03/26/2014   CC\054.962034\D H 30998 03/26/2014 03/26/2014 كتاب

Powered By

EGPV